| 000 | 00356nam a2200157Ia 4500 | ||
|---|---|---|---|
| 008 | 210210b1955 xxu||||| |||| 00| 0 eng d | ||
| 041 | _aeng | ||
| 082 | _a821/764 | ||
| 100 | _aWORDSWORTH (W) | ||
| 245 | _aPoems II | ||
| 260 |
_aLondon _bJ M Dent & Sons Ltd. _c1955 |
||
| 650 | _aPoems | ||
| 650 | _aII | ||
| 690 | _aEnglish Poetry | ||
| 906 | _a011931 | ||
| 999 |
_c130662 _d130662 |
||